Patti Smith: Albums by Cover - Statistics

General Stats
  • This quiz has been taken 7 times
  • The average score is 5 of 11
Answer Stats
Picture Hint Answer % Correct
1978 Easter
100%
1975 Horses
100%
1976 Radio Ethiopia
83%
1996 Gone Again
67%
1979 Wave
67%
1988 Dream of Life
33%
2012 Banga
17%
2000 Gung Ho
17%
1997 Peace and Noise
17%
2004 Trampin'
17%
2007 Twelve
17%
No matching quizzes found
Score Distribution
Percent of People with Each Score
Percentile by Number Answered
Your Score History
You have not taken this quiz